[Event "Sardegna Reg-ch"]
[Site "Cagliari"]
[Date "2006.02.19"]
[Round "3"]
[White "Fenu, Salvatore"]
[Black "Pais, Mario"]
[Result "1/2-1/2"]
[WhiteElo "1966"]
[BlackElo "1657"]
[PlyCount "24"]
[EventDate "2006.02.18"]
[EventType "swiss"]
[EventRounds "7"]
[EventCountry "ITA"]
[SourceTitle "EXT 2007"]
[Source "ChessBase"]
[SourceDate "2006.11.23"]
[SourceVersion "1"]
[SourceVersionDate "2006.11.23"]
[SourceQuality "1"]

1. Nf3 d5 2. d4 Nf6 3. e3 Bg4 4. Be2 e6 5. Nbd2 Nbd7 6. 0-0 Bd6 7. h3 Bxf3 8. Bxf3 0-0 9. e4 dxe4 10. Nxe4 Nxe4 11. Bxe4 c6 12. c3 Qh4 1/2-1/2

[Event "Corrado Bitti Memorial 5th"]
[Site "Laconi"]
[Date "2005.08.07"]
[Round "2"]
[White "Fenu, Salvatore"]
[Black "Lommers, Frank"]
[Result "0-1"]
[WhiteElo "1844"]
[BlackElo "2204"]
[PlyCount "114"]
[EventDate "2005.08.06"]
[EventType "swiss"]
[EventRounds "9"]
[EventCountry "ITA"]
[SourceTitle "EXT 2007"]
[Source "ChessBase"]
[SourceDate "2006.11.23"]
[SourceVersion "1"]
[SourceVersionDate "2006.11.23"]
[SourceQuality "1"]

1. d4 Nf6 2. Nf3 g6 3. Nbd2 Bg7 4. e4 0-0 5. Bd3 d6 6. c3 Nc6 7. 0-0 e5 8. dxe5 dxe5 9. Qc2 Nh5 10. Re1 Nf4 11. Bf1 Bg4 12. h3 Be6 13. b4 Qf6 14. Nc4 Nxh3+ 15. Kh2 a6 16. a4 Nf4 17. Ne3 g5 18. Nf5 Bxf5 19. exf5 g4 20. Nd2 Ne7 21. g3 Qh6+ 22. Kg1 Nh3+ 23. Bxh3 gxh3 24. Ne4 Qh5 25. Kh2 Qxf5 26. Bg5 f6 27. Qa2+ Kh8 28. Bc1 Ng6 29. Qc4 Rad8 30. Ra2 Qf3 31. Kxh3 Rd1 32. Qe2 Qf5+ 33. Kg2 Rxe1 34. Qxe1 Rg8 35. Nc5 Bf8 36. Qe4 Bxc5 37. Qxf5 Nh4+ 38. Kh3 Nxf5 39. bxc5 Rg7 40. Ba3 h5 41. Re2 Kh7 42. Kg2 Kg6 43. Bb4 Rf7 44. Ba5 c6 45. Rb2 Rd7 46. Rb1 Ng7 47. Re1 Ne6 48. Bb4 Rd2 49. Kf3 Ra2 50. a5 Nc7 51. Rd1 Nd5 52. Rb1 f5 53. Kg2 e4 54. Kf1 Rc2 55. Ke1 f4 56. gxf4 h4 57. Kf1 Nxf4 0-1